| 000 | 00607nam a2200181Ia 4500 | ||
|---|---|---|---|
| 008 | 151018s9999 xx 000 0 und d | ||
| 082 |
_bRBASDV42128 _a891.463 |
||
| 100 | _aरा र बोराडे | ||
| 245 | _aकणसं आणि कडबा | ||
| 250 | _b1 | ||
| 260 |
_bसाकेत प्रकाशन प्रा लि औरंगाबाद _c1999 |
||
| 300 | _a148 | ||
| 600 | _aरा र बोराडे | ||
| 630 | _aकणसं आणि कडबा | ||
| 700 | _aरा र बोराडे | ||
| 730 | _aकणसं आणि कडबा | ||
| 942 | _cBOOK | ||
| 999 |
_c1041357 _d1041354 |
||